Rock City: Cities Names with Rock - Statistics

General Stats
  • This quiz has been taken 30 times
  • The average score is 5 of 9
Answer Stats
City State % Correct
Little Rock AR
96%
Rockford IL
88%
Round Rock TX
60%
Rockville MD
56%
Brockton MA
48%
North Little Rock AR
48%
Rock Hill SC
36%
Rocky Mount NC
36%
Rocklin CA
8%
No matching quizzes found
Score Distribution
Percent of People with Each Score
Percentile by Number Answered
Your Score History
You have not taken this quiz